Ideas para la unificación de las normas contables y de auditoría (Registro nro. 23914)

Detalles MARC
000 -LEADER
fixed length control field 00582 a2200181 4500
001 - CONTROL NUMBER
control field ART_9849
005 - DATE AND TIME OF LATEST TRANSACTION
control field 20260410161839.0
008 - FIXED-LENGTH DATA ELEMENTS--GENERAL INFORMATION
fixed length control field 260409a
100 1# - MAIN ENTRY--PERSONAL NAME
Personal name Elizalde, Mario D.
245 10 - TITLE STATEMENT
Title Ideas para la unificación de las normas contables y de auditoría
700 1# - ADDED ENTRY--PERSONAL NAME
Personal name Blanco, Miguel C.
700 1# - ADDED ENTRY--PERSONAL NAME
Personal name García, Sergio O.
700 1# - ADDED ENTRY--PERSONAL NAME
Personal name Maquieira, Alberto G.
700 1# - ADDED ENTRY--PERSONAL NAME
Personal name Piccina, José
700 1# - ADDED ENTRY--PERSONAL NAME
Personal name Seijas, Pedro José
700 1# - ADDED ENTRY--PERSONAL NAME
Personal name Valle, Juan José Fermín del
773 0# - HOST ITEM ENTRY
Title Contabilidad y administración
Related parts - Año 7, Nº 74 (ago. 1983)
Record control number REV5485

No hay ítems disponibles.